Tradition, values, and socio-economic development /
Tallennettuna:
| Muut tekijät: | |
|---|---|
| Aineistotyyppi: | Kirja |
| Kieli: | englanti |
| Julkaistu: |
Durham :
Duke Univ.,
c1961.
|
| Sarja: | Duke University commonwealth - studies centre ;
no.13 |
| Aiheet: | |
| Tagit: |
Ei tageja, Lisää ensimmäinen tagi!
|
MARC
| LEADER | 00000cam a22000002a 4500 | ||
|---|---|---|---|
| 001 | 0000017424 | ||
| 003 | DAYSTAR | ||
| 005 | 20171002015036.0 | ||
| 008 | 030703s1961 xx 001 0 eng d | ||
| 040 | |a Daystar |d COnyango | ||
| 050 | 0 | 0 | |a HD75 |b .B73 |
| 245 | 1 | 0 | |a Tradition, values, and socio-economic development / |c Edited by Ralph Braibanti. |
| 260 | |a Durham : |b Duke Univ., |c c1961. | ||
| 300 | |a 305 p. | ||
| 440 | 0 | |a Duke University commonwealth - studies centre ; |v no.13 | |
| 650 | 0 | |a Economic development |x Social aspects. | |
| 700 | 1 | |a Braibanti, Ralph. | |
| 908 | |a 060412 | ||
| 942 | |c G | ||
| 952 | |0 0 |1 0 |4 0 |6 HD_75_000000000000000_B73 |7 0 |9 10227 |a DUA |b DUA |c GC |d 2017-09-28 |l 0 |o HD75.B73 |p BK011210 |r 2017-09-28 00:00:00 |w 2017-09-28 |x 43089 |y G | ||
| 999 | |c 6764 |d 6764 | ||